000 00367 a2200157 4500
001 152163
040 _cEscola São Tomás de Aquino
100 _aCARRASCO, Walcyr
240 1 0 _aHistória para sala de aula
_lpor
245 1 0 _aHistória para sala de aula
300 _a142
362 0 _a2009
440 1 _aModerna
697 _a*LITERATURA JUVENIL
942 _cBK
999 _c152163
_d152163